Responses for Show #1462 - Tuesday, January 1, 1991

Jonathan Jacobs game 3.
Game entered from audiorecording. Missing prizes.

Contestants

[<< previous game]

Jack Groshen, a computer consultant from Ann Arbor, Michigan

Mike Willis, an import specialist from Colonial Heights, Virginia

Jonathan Jacobs, an operations research analyst originally from Philadelphia, Pennsylvania (whose 2-day cash winnings total $26,301)

[next game >>]

Jeopardy! Round responses

WORLD GEOGRAPHY
ODDS & ENDS
NICKNAMES
ANIMALS
VOCABULARY
AVA GARDNER
    $100 1
the Volta

Jonathan
    $100 12
a glade

Jonathan
    $100 7
Reagan

Jonathan
    $100 6
flamingos

Jonathan
    $100 17
lot

Mike
    $100 26
North Carolina

Jack
    $200 2
the Falklands

Jonathan
    $200 22
(Jonathan: Who is Theodore Roosevelt?)
...
(Alex: Jonathan realizes too late that we were helping you out in the clue. Last standing, if you say them in a different way, last stand, [*].)

George Armstrong Custer

Jonathan
Triple Stumper
    $200 8
Star Wars

Jonathan
    $200 13
the tiger

Jonathan
    $200 18
a fluke

Jonathan
    $200 27
Venus

Jack
    $300 3
La Paz

Mike
    $300 23
Ho Chi Minh

Mike
    $300 9
Leo Durocher

Jonathan
    $300 14
(Jack: What are octopi?)

squid

JonathanJack
    $300 19
a charm

Triple Stumper
    $300 28
Knots Landing

Triple Stumper
    $400 4
Point Barrow

Jonathan
    $400 24
a joint

Mike
    $400 10
(Mike: Who is Rosalind Carter?)

Betty Ford

MikeJack
    $400 15
antlers

Jack
    $1,300 20
(Jonathan: What is legal?)

fair

Jonathan
    $400 29
The Night of the Iguana

Mike
    $500 5
Oman

Mike
    $500 25
(Marjorie Kinnan) Rawlings

Jonathan
    $500 11
Penn & Teller

Jack
    $500 16
homing pigeons

Jonathan
    $500 21
a pull

Jonathan
    $500 30
Mogambo

Jack

Scores at the first commercial break (after clue 16):

Jonathan Mike Jack
$2,500 $400 $1,000

Scores at the end of the Jeopardy! Round:

Jonathan Mike Jack
$2,200 $1,600 $1,800

Double Jeopardy! Round responses

BRITISH HISTORY
AMERICAN NOVELS
THE CABINET
OPERA
WEIGHTS & MEASURES
ROME
    $200 17
King William the Conqueror

Jonathan
    $200 1
California

Jonathan
    $200 2
the Department of State

Jack
    $200 10
William Tell

Jack
    $200 11
a bottle

Jonathan
    $200 22
horses

Jonathan
    $400 18
Bonnie Prince Charlie

Jonathan
    $400 3
(William) Faulkner

Mike
    $400 5
the Department of Energy

Jack
    $400 12
PBS

Jack
    $400 13
an inch

Jonathan
    $400 23
the Colosseum

Mike
    $600 19
Britannia

Triple Stumper
    $600 4
Tells All

Jonathan
    $600 7
Texas

Jonathan
    $600 16
Egypt

Jonathan
    $600 14
a barge

Jonathan
    $600 24
the Trevi Fountain

Mike
    $800 20
the Crimean War

Jonathan
    $800 6
(Jack: What's Akron?)

Zenith

JonathanJack
    $2,000 8
the Department of Agriculture

Jonathan
    $800 28
Prince Igor

Jack
    $800 15
a pedometer

Mike
    $800 25
the Appian Way

Mike
    $1000 21
the Society of Friends (the Quakers)

Triple Stumper
    $1000 27
Gertrude Stein

Jonathan
    $1000 9
the Department of Commerce

Jonathan
    $1000 30
Bedřich Smetana

Triple Stumper
    $1000 29
troy (or apothecary's)

Jonathan
    $4,000 26
Hadrian

Mike

Scores at the end of the Double Jeopardy! Round:

Jonathan Mike Jack
$12,800 $8,600 $3,000

[wagering suggestions for these scores]

Final Jeopardy! Round responses

THE NOBEL PEACE PRIZE
JackWho is Albert Schweitzer?
$3,000
MikeWho is Schweitzer?
$4,500
JonathanWho was Albert Schweitzer?
$4,500
Albert Schweitzer

Final scores:

Jonathan Mike Jack
$17,300 $13,100 $6,000
3-day champion: $43,601 2nd place 3rd place

Game dynamics:

Coryat scores:

Jonathan Mike Jack
$12,900 $5,600 $3,000
30 R
(including 1 DD),
2 W
(including 1 DD)
12 R
(including 1 DD),
1 W
11 R,
2 W

Combined Coryat: $21,500

[game clues] [game scores] [suggest correction]

Game tape date: 1990-10-08
The J! Archive is created by fans, for fans. Scraping, republication, monetization, and malicious use prohibited; this site may use cookies and collect identifying information. See terms. The Jeopardy! game show and all elements thereof, including but not limited to copyright and trademark thereto, are the property of Jeopardy Productions, Inc. and are protected under law. This website is not affiliated with, sponsored by, or operated by Jeopardy Productions, Inc. Join the discussion at JBoard.tv.